|
|
|
|
| LEADER |
00873cam a2200253 i 4500 |
| 005 |
20160322165209.0 |
| 008 |
140313s2014 njua b 001 0 eng |
| 020 |
|
|
|a 9789814571159 (hardcover)
|
| 020 |
|
|
|a 9814571156 (hardcover)
|
| 020 |
|
|
|a 9789814571166 (pbk.)
|
| 020 |
|
|
|a 9814571164 (pbk.)
|
| 041 |
|
|
|a eng
|
| 082 |
0 |
0 |
|a 519.2
|b BOR
|
| 100 |
1 |
|
|a Borovkov, K. A.
|9 2298
|
| 245 |
1 |
0 |
|a Elements of stochastic modelling /
|c Konstantin Borovkov, The University of Melbourne, Australia.
|
| 250 |
|
|
|a 2nd edition.
|
| 260 |
|
|
|a London:
|b World Scientific,
|c 2014.
|
| 300 |
|
|
|a xvi, 482 pages :
|
| 650 |
|
0 |
|a Stochastic processes.
|9 252
|
| 650 |
|
0 |
|a Mathematical models.
|9 2132
|
| 650 |
|
0 |
|a Computer simulation.
|9 2299
|
| 942 |
|
|
|c BK
|6 _
|
| 999 |
|
|
|c 155966
|d 155966
|
| 952 |
|
|
|0 0
|1 0
|4 0
|6 5192_BOR
|7 0
|9 203978
|a DCS
|b DCS
|c GEN
|d 2016-03-08
|o 519.2 BOR
|p MCS05848
|r 2016-03-08
|w 2016-03-08
|y BK
|